godspeed you! black emperor Songs! - Statistics

General Stats
  • This quiz has been taken 47 times
  • The average score is 23 of 36
Answer Stats
Answer % Correct
Providence
97%
Storm
97%
East Hastings
93%
Sleep
93%
The Dead Flag Blues
93%
Static
90%
Like Antennas To Heaven...
86%
Mladic
86%
Moya
86%
Rockets fall on Rocket Falls
83%
motherfucker=redeemer
79%
motherfucker=redeemer (cont.)
79%
We Drift Like Worried Fire
79%
Blaise Bailey Finnegan III
76%
09:15:00
72%
09:15:00 (cont.)
72%
BABYS IN A THUNDERCLOUD
66%
Asunder, Sweet
62%
Their Helicopters Sing
62%
Anthem For No State
59%
Piss Crowns Are Trebled
59%
Bosses Hang
55%
GREY RUBBLE - GREEN SHOOTS
55%
Fam/Famine
48%
PALE SPECTATOR TAKES PHOTOGRAPHS
48%
SUN IS A HOLE SUN IS VAPORS
48%
Lambs' Breath
45%
RAINDROPS CAST IN LEAD
45%
Undoing A Luciferian Towers
45%
BROKEN SPIRES AT DEAD KAPITAL
41%
Fire at Static Valley
41%
Peasantry or 'Light! Inside of Light!'
41%
Strung Like Lights At Thee Printemps Erable
41%
OUR SIDE HAS TO WIN (for D.H.)
38%
"GOVERNMENT CAME" (9980.0kHz 3617.1kHz 4521.0 kHz) / Cliffs Gaze / cliffs' gaze at empty waters' rise / ASHES TO SEA or NEARER TO THEE
31%
A Military Alphabet (five eyes all blind)(4521.0kHz 6730.0kHz 4109.09kHz) / Job's Lament / First of the Last Glaciers / where we break how we shine (ROCKETS FOR MARY)
28%
No matching quizzes found
Score Distribution
Percent of People with Each Score
Percentile by Number Answered
Your Score History
You have not taken this quiz